JUVENILE DELINQUENCY (Record no. 12297)
[ view plain ]
| 000 -LEADER | |
|---|---|
| fixed length control field | 00267nam a22001217a 4500 |
| 008 - FIXED-LENGTH DATA ELEMENTS--GENERAL INFORMATION | |
| fixed length control field | 170427b xxu||||| |||| 00| 0 eng d |
| 041 ## - LANGUAGE CODE | |
| Language code of text/sound track or separate title | eng |
| 080 ## - UNIVERSAL DECIMAL CLASSIFICATION NUMBER | |
| Edition identifier | 4 ED |
| Universal Decimal Classification number | 34 |
| 100 ## - Rafti | |
| Rafti | 13 |
| 101 ## - Shkurtesa | |
| Shkurtesa | SHJ |
| 245 ## - TITLE STATEMENT | |
| Title | JUVENILE DELINQUENCY |
| Statement of responsibility, etc | SIEGEL.L.J |
| 942 ## - ADDED ENTRY ELEMENTS (KOHA) | |
| Source of classification or shelving scheme | |
| Item type | Books |
No items available.